[Event "IBCA World-chT blind 9th"]
[White "Kastrati, Shaip"]
[Black "Migala, Andrzej"]
[Site "Ohrid"]
[Round "1.1"]
[Result "0-1"]
[Date "2022.06.28"]
[WhiteElo "1475"]
[BlackElo "1990"]
[PlyCount "72"]
[EventDate "2022.06.28"]
[EventType "team-swiss"]
[EventRounds "9"]
[EventCountry "MKD"]
[SourceTitle "EXT 2024"]
[Source "ChessBase"]
[SourceDate "2023.10.10"]
[SourceVersion "1"]
[SourceVersionDate "2023.10.10"]
[SourceQuality "1"]
[WhiteTeam "Kosovo"]
[BlackTeam "Poland"]
[WhiteTeamCountry "KOS"]
[BlackTeamCountry "POL"]

1. e4 c5 2. Nf3 d6 3. Bb5+ Nc6 4. d4 cxd4 5. Nxd4 Bd7 6. c3 Nf6 7. Bd3 e5 8. Ne2 Be7 9. 0-0 0-0 10. Nd2 Bg4 11. f3 Be6 12. Nc4 d5 13. Ne3 Qb6 14. Kh1 Rfd8 15. Nf5 dxe4 16. Nxe7+ Nxe7 17. fxe4 Bc4 18. Rf3 Qd6 19. Bg5 Bxd3 20. Bxf6 gxf6 21. Ng3 Bc4 22. Qc1 Qd2 23. Rxf6 Qxc1+ 24. Rxc1 Bxa2 25. Rcf1 Bc4 26. R1f2 Rd1+ 27. Nf1 Rad8 28. b4 Rc1 29. R6f3 Rdd1 30. Kg1 b5 31. h4 Nc8 32. g3 Nd6 33. Kg2 Rxf1 34. Rxf1 Rxf1 35. Rxf1 Bxf1+ 36. Kxf1 Nxe4 0-1

[Event "POL Cup op blitz"]
[White "Luczak, Filip"]
[Black "Migala, Andrzej"]
[Site "Lodz"]
[Round "6"]
[Result "1-0"]
[Date "2021.08.08"]
[WhiteElo "2321"]
[BlackElo "2047"]
[PlyCount "24"]
[EventDate "2021.08.08"]
[EventType "swiss (blitz)"]
[EventRounds "13"]
[EventCountry "POL"]
[SourceTitle "CBM 203 Extra"]
[Source "ChessBase"]
[SourceDate "2021.09.30"]
[SourceVersion "1"]
[SourceVersionDate "2021.09.30"]
[SourceQuality "1"]

1. b3 d6 2. Bb2 c5 3. e3 Nc6 4. Nf3 e5 5. d4 cxd4 6. exd4 e4 7. Nfd2 d5 8. c4 dxc4 9. Bxc4 Nf6 10. 0-0 Nxd4 11. Nxe4 Bc5 12. Nxc5 Ng8 1-0

[Event "POL Cup op blitz"]
[White "Skurniak, Szymon"]
[Black "Migala, Andrzej"]
[Site "Lodz"]
[Round "8"]
[Result "1-0"]
[Date "2021.08.08"]
[WhiteElo "2177"]
[BlackElo "2047"]
[PlyCount "103"]
[EventDate "2021.08.08"]
[EventType "swiss (blitz)"]
[EventRounds "13"]
[EventCountry "POL"]
[SourceTitle "CBM 203 Extra"]
[Source "ChessBase"]
[SourceDate "2021.09.30"]
[SourceVersion "1"]
[SourceVersionDate "2021.09.30"]
[SourceQuality "1"]

1. e4 c5 2. Nf3 e6 3. b3 Nc6 4. Bb2 d6 5. Bb5 Bd7 6. Bxc6 Bxc6 7. Nc3 Nf6 8. Qe2 e5 9. 0-0-0 Be7 10. g4 h6 11. h4 Nxg4 12. h5 Nf6 13. Rdg1 Rg8 14. Nh4 Bd7 15. Rg3 Qc7 16. Rhg1 Bf8 17. Rf3 Rh8 18. Rxf6 gxf6 19. Nd5 Qd8 20. Qf3 Be7 21. d3 Be6 22. Ne3 Kd7 23. Nef5 Qf8 24. Rg7 Rg8 25. Rh7 Rg1+ 26. Kd2 Qg8 27. Rxh6 Qg5+ 28. Ke2 Rg8 29. Rh7 b5 30. h6 c4 31. bxc4 bxc4 32. Rg7 Rxg7 33. hxg7 Qf4 34. Ng2 Qg5 35. Nge3 cxd3+ 36. cxd3 Rb1 37. Bc3 Rb8 38. Qh1 d5 39. Nxe7 Kxe7 40. exd5 Bg4+ 41. f3 Bh5 42. Bb4+ Kd7 43. Qh3+ f5 44. Qxf5+ Qxf5 45. Nxf5 Bg6 46. Bf8 Bh7 47. Nh6 f5 48. Nf7 f4 49. Nxe5+ Ke8 50. d6 Bg8 51. d7+ Kd8 52. Nc6+ 1-0

[Event "Online Olym Disabilities"]
[White "Migala, Andrzej"]
[Black "Stolarczyk, Anna"]
[Site "Tornelo INT"]
[Round "7.3"]
[Result "1-0"]
[Date "2020.11.27"]
[WhiteElo "2080"]
[BlackElo "1909"]
[PlyCount "83"]
[EventDate "2020.11.21"]
[EventType "team-swiss (rapid)"]
[EventRounds "7"]
[EventCountry "NET"]
[SourceTitle "CBM 199 Extra"]
[Source "ChessBase"]
[SourceDate "2021.01.31"]
[SourceVersion "1"]
[SourceVersionDate "2021.01.31"]
[SourceQuality "1"]
[WhiteTeam "Poland II"]
[BlackTeam "Poland"]
[WhiteTeamCountry "POL"]
[BlackTeamCountry "POL"]

1. e4 c6 2. d4 d5 3. e5 Bf5 4. h4 h6 5. g4 Bg6 6. h5 Bh7 7. Bd3 Bxd3 8. Qxd3 e6 9. f4 c5 10. Nf3 Nc6 11. Be3 cxd4 12. Nxd4 Qa5+ 13. c3 Nxd4 14. Bxd4 Ne7 15. Nd2 Nc6 16. Nb3 Qc7 17. 0-0 Nxd4 18. cxd4 Be7 19. Rac1 Qd7 20. Rc2 0-0 21. Rg2 f5 22. exf6 Rxf6 23. g5 hxg5 24. fxg5 Rxf1+ 25. Kxf1 Rf8+ 26. Kg1 Rf5 27. Qe3 b6 28. Nd2 e5 29. Nf3 e4 30. Nh4 Rf7 31. Ng6 Bd6 32. h6 Rf3 33. Qc1 a5 34. a3 b5 35. Nh4 Rh3 36. Qe1 Qa7 37. Qf2 e3 38. h7+ Kh8 39. Qf5 Rxh4 40. Qc8+ Kxh7 41. g6+ Kh6 42. Qh8# 1-0

[Event "POL-Cup blind"]
[White "Migala, Andrzej"]
[Black "Stachanczyk, Jacek"]
[Site "Dzwirzyno"]
[Round "7"]
[Result "1/2-1/2"]
[Date "2019.09.06"]
[WhiteElo "2073"]
[BlackElo "2168"]
[PlyCount "42"]
[EventDate "2019.09.02"]
[EventType "swiss"]
[EventRounds "9"]
[EventCountry "POL"]
[SourceTitle "EXT 2020"]
[Source "ChessBase"]
[SourceDate "2019.10.17"]
[SourceVersion "1"]
[SourceVersionDate "2019.10.17"]
[SourceQuality "1"]

1. e4 c5 2. Nf3 d6 3. Nc3 Nf6 4. d4 cxd4 5. Nxd4 g6 6. g3 Nc6 7. Nde2 Bd7 8. Bg2 Qc8 9. h3 Bg7 10. Nd5 Nxd5 11. exd5 Ne5 12. a4 0-0 13. Ra2 Bf5 14. b3 h5 15. Be3 Re8 16. f4 Nd7 17. 0-0 Nf6 18. Kh2 Bg4 19. c4 e5 20. fxe5 Rxe5 21. Bf4 Rxe2 1/2-1/2

[Event "IBCA Wch blind 14th"]
[White "Migala, Andrzej"]
[Black "Holmela, Kari"]
[Site "Cagliari"]
[Round "7"]
[Result "1-0"]
[Date "2019.04.12"]
[WhiteElo "2037"]
[BlackElo "1840"]
[PlyCount "105"]
[EventDate "2019.04.06"]
[EventType "swiss"]
[EventRounds "9"]
[EventCountry "ITA"]
[SourceTitle "CBM 189 Extra"]
[Source "ChessBase"]
[SourceDate "2019.05.31"]
[SourceVersion "1"]
[SourceVersionDate "2019.05.31"]
[SourceQuality "1"]

1. e4 c5 2. Nf3 d6 3. Nc3 Nc6 4. d4 cxd4 5. Nxd4 Nf6 6. g3 g6 7. Nde2 Bg7 8. Bg2 0-0 9. 0-0 a6 10. a4 Bg4 11. h3 Bd7 12. Nd5 Rc8 13. Re1 Nxd5 14. exd5 Ne5 15. Ra2 h5 16. b3 Be8 17. Nd4 Bf6 18. a5 Kg7 19. Be3 Rh8 20. c4 Rc5 21. Qd2 Qc8 22. f4 Nxc4 23. bxc4 Rxc4 24. Bf1 Rc7 25. Rc2 Bd7 26. Rxc7 Qxc7 27. Rc1 Qd8 28. Qb4 Bc8 29. Nf3 Re8 30. Bb6 Qd7 31. Nd4 Rh8 32. Rc7 Qe8 33. h4 Rg8 34. Kh2 Rf8 35. Bh3 Bxh3 36. Kxh3 Rg8 37. Kg2 Rf8 38. Rxb7 Qc8 39. Rc7 Qg4 40. Nf3 Qf5 41. Qc4 Qb1 42. Qxa6 Qa2+ 43. Kh3 Qxd5 44. Qe2 Qf5+ 45. Kg2 e5 46. fxe5 dxe5 47. Rc4 Re8 48. Re4 Rc8 49. Nxe5 Bxe5 50. Rxe5 Qb1 51. Rc5 Rf8 52. Rb5 Qc1 53. Qb2+ 1-0

[Event "IBCA Wch blind 14th"]
[White "Kaliner, Arik"]
[Black "Migala, Andrzej"]
[Site "Cagliari"]
[Round "4"]
[Result "0-1"]
[Date "2019.04.09"]
[WhiteElo "1644"]
[BlackElo "2037"]
[PlyCount "34"]
[EventDate "2019.04.06"]
[EventType "swiss"]
[EventRounds "9"]
[EventCountry "ITA"]
[SourceTitle "CBM 189 Extra"]
[Source "ChessBase"]
[SourceDate "2019.05.31"]
[SourceVersion "1"]
[SourceVersionDate "2019.05.31"]
[SourceQuality "1"]

1. e4 c5 2. Nf3 d6 3. d4 cxd4 4. c3 dxc3 5. Nxc3 Nc6 6. Bc4 e6 7. 0-0 Be7 8. Qe2 a6 9. Rd1 b5 10. Bb3 Ra7 11. Be3 Rd7 12. Rac1 Bb7 13. a4 b4 14. Na2 Na5 15. Bc2 b3 16. Nb4 bxc2 17. Nxa6 cxd1Q+ 0-1

[Event "IBCA Wch blind 14th"]
[White "Migala, Andrzej"]
[Black "Tishuki, Daut"]
[Site "Cagliari"]
[Round "1"]
[Result "1-0"]
[Date "2019.04.06"]
[WhiteElo "2037"]
[BlackElo "1547"]
[PlyCount "111"]
[EventDate "2019.04.06"]
[EventType "swiss"]
[EventRounds "9"]
[EventCountry "ITA"]
[SourceTitle "CBM 189 Extra"]
[Source "ChessBase"]
[SourceDate "2019.05.31"]
[SourceVersion "1"]
[SourceVersionDate "2019.05.31"]
[SourceQuality "1"]

1. e4 e6 2. d4 d5 3. e5 c5 4. c3 Nc6 5. Nf3 cxd4 6. cxd4 Bb4+ 7. Bd2 Qb6 8. Bxb4 Qxb4+ 9. Qd2 a6 10. Qxb4 Nxb4 11. Kd2 Ne7 12. Nc3 Bd7 13. a3 Nbc6 14. b4 b5 15. Bd3 0-0 16. Ke3 f5 17. g3 Ng6 18. Ne2 Rf7 19. Nd2 a5 20. Bxb5 axb4 21. Bxc6 Bxc6 22. axb4 Rb8 23. Ra6 Bb5 24. Rxe6 Bxe2 25. Kxe2 Rxb4 26. Rb1 Rxd4 27. Rb8+ Rf8 28. Rxf8+ Kxf8 29. f4 Kf7 30. Ra6 Ne7 31. Nf3 Rb4 32. Ng5+ Ke8 33. Ra8+ Kd7 34. Ra7+ Kd8 35. Ne6+ Ke8 36. Nxg7+ Kf8 37. Ne6+ Ke8 38. Ng7+ Kf8 39. Ne6+ Ke8 40. Nc5 Rc4 41. Nd3 Rc2+ 42. Ke3 Rxh2 43. e6 Nc6 44. Rc7 Rc2 45. Rxh7 d4+ 46. Kf3 Rc3 47. Ke2 Rc2+ 48. Kd1 Rg2 49. Rg7 Ne7 50. Ne5 Nd5 51. Rg8+ Ke7 52. Nc6+ Kxe6 53. Nxd4+ Kf6 54. Rg5 Ne3+ 55. Ke1 Rg1+ 56. Kf2 1-0

[Event "POL-ch blind"]
[White "Migala, Andrzej"]
[Black "Grzywacz, Ryszard"]
[Site "Ustron"]
[Round "1"]
[Result "1-0"]
[Date "2019.03.11"]
[WhiteElo "2016"]
[BlackElo "1653"]
[PlyCount "79"]
[EventDate "2019.03.11"]
[EventType "swiss"]
[EventRounds "9"]
[EventCountry "POL"]
[SourceTitle "EXT 2020"]
[Source "ChessBase"]
[SourceDate "2019.10.17"]
[SourceVersion "1"]
[SourceVersionDate "2019.10.17"]
[SourceQuality "1"]

1. e4 e5 2. Nf3 Nc6 3. d4 exd4 4. Bc4 h6 5. Nxd4 Qf6 6. Nb5 Bb4+ 7. c3 Ba5 8. Be3 a6 9. Nd4 Ne5 10. Be2 d6 11. Qa4+ Bd7 12. Qxa5 b6 13. Qd5 c6 14. Qb3 c5 15. Nf3 b5 16. Nxe5 Qxe5 17. Qd5 Qxd5 18. exd5 Ne7 19. a4 0-0 20. axb5 axb5 21. Rxa8 Rxa8 22. c4 b4 23. 0-0 Ra2 24. Bc1 Ng6 25. f4 Bf5 26. Nd2 Bc2 27. g3 Ne7 28. Bg4 g6 29. Re1 Kf8 30. Kf2 h5 31. Bd7 Ra7 32. Bh3 Ng8 33. Ne4 Bxe4 34. Rxe4 Nf6 35. Re1 Re7 36. Rxe7 Kxe7 37. f5 Nh7 38. fxg6 fxg6 39. Be6 g5 40. Bf5 1-0

[Event "POL-chT 2nd League"]
[White "Markiewicz, Jerzy"]
[Black "Migala, Andrzej"]
[Site "Jastrzebia Gora"]
[Round "5.6"]
[Result "1-0"]
[Date "2018.09.04"]
[WhiteElo "2170"]
[BlackElo "2015"]
[PlyCount "75"]
[EventDate "2018.09.01"]
[EventType "team-swiss"]
[EventRounds "9"]
[EventCountry "POL"]
[SourceTitle "CBM 186 Extra"]
[Source "ChessBase"]
[SourceDate "2018.08.24"]
[SourceVersion "1"]
[SourceVersionDate "2018.08.24"]
[SourceQuality "1"]
[WhiteTeam "Pilzno GKSz Hetman"]
[BlackTeam "Ostroda Ostrodzianka"]
[WhiteTeamCountry "POL"]
[BlackTeamCountry "POL"]

1. e4 c5 2. Nf3 d6 3. d4 cxd4 4. Nxd4 Nf6 5. f3 e5 6. Nb3 a6 7. c4 Be7 8. Be3 Be6 9. Nc3 Nc6 10. Be2 0-0 11. 0-0 Re8 12. Qd2 Bf8 13. Nd5 Nd7 14. Rfd1 a5 15. Rac1 a4 16. Na1 Nc5 17. Nc2 f5 18. exf5 Bxf5 19. Na3 Nd4 20. Bf1 Nde6 21. Nb5 Rc8 22. Rc3 e4 23. g4 exf3 24. gxf5 Ne4 25. Qc1 Nxc3 26. Nbxc3 Nc5 27. Bg5 Qa5 28. Qf4 Nd7 29. f6 Re5 30. Qg4 Kh8 31. Bf4 Qc5+ 32. Kh1 Nxf6 33. Nxf6 gxf6 34. Bxe5 fxe5 35. Qxf3 Bg7 36. Bd3 Rf8 37. Qe4 Qc6 38. Nd5 1-0

[Event "POL-chT 2nd League"]
[White "Migala, Andrzej"]
[Black "Kwiatkowski, Wiktor"]
[Site "Jastrzebia Gora"]
[Round "4.3"]
[Result "1/2-1/2"]
[Date "2018.09.03"]
[WhiteElo "2015"]
[BlackElo "1965"]
[PlyCount "80"]
[EventDate "2018.09.01"]
[EventType "team-swiss"]
[EventRounds "9"]
[EventCountry "POL"]
[SourceTitle "CBM 186 Extra"]
[Source "ChessBase"]
[SourceDate "2018.08.24"]
[SourceVersion "1"]
[SourceVersionDate "2018.08.24"]
[SourceQuality "1"]
[WhiteTeam "Ostroda Ostrodzianka"]
[BlackTeam "Konin UKS Smecz"]
[WhiteTeamCountry "POL"]
[BlackTeamCountry "POL"]

1. e4 c5 2. Nc3 d6 3. Nf3 Nf6 4. d4 cxd4 5. Nxd4 a6 6. g3 e5 7. Nde2 Be7 8. Bg2 b5 9. h3 Nbd7 10. g4 b4 11. Nd5 Nxd5 12. Qxd5 Nb6 13. Qa5 d5 14. exd5 Bb7 15. Be3 Nxd5 16. Qa4+ Qd7 17. Qxd7+ Kxd7 18. 0-0-0 Ke6 19. Bd2 Rab8 20. f4 f6 21. Rhe1 Nc3 22. bxc3 bxc3 23. Bxc3 Ba3+ 24. Kd2 Bxg2 25. fxe5 Rhd8+ 26. Nd4+ Kf7 27. e6+ Kf8 28. Ke3 Rbc8 29. Rd3 Re8 30. Kf2 Bd5 31. g5 Bc5 32. gxf6 gxf6 33. Kg3 Bxd4 34. Bxd4 Rxe6 35. Rxe6 Bxe6 36. c3 Bxa2 37. Bxf6 Kf7 38. Rd6 Bc4 39. Bd4 Bb5 40. Rf6+ Ke7 1/2-1/2

[Event "POL-chT blind"]
[White "Migala, Andrzej"]
[Black "Filipiak, Rajmund"]
[Site "Wagrowiec"]
[Round "3.18"]
[Result "1-0"]
[Date "2017.10.16"]
[WhiteElo "2025"]
[BlackElo "1713"]
[PlyCount "109"]
[EventDate "2017.10.14"]
[EventType "team-tourn"]
[EventRounds "9"]
[EventCountry "POL"]
[SourceTitle "EXT 2019"]
[Source "ChessBase"]
[SourceDate "2018.10.10"]
[SourceVersion "1"]
[SourceVersionDate "2018.10.10"]
[SourceQuality "1"]

1. e4 c6 2. d4 d5 3. e5 e6 4. Bd3 c5 5. c3 Nc6 6. Nf3 Qb6 7. a3 Bd7 8. Bc2 Rc8 9. 0-0 cxd4 10. cxd4 Na5 11. Nc3 Ne7 12. Na4 Qc7 13. Bd3 Nc4 14. Nc5 b6 15. Nxd7 Qxd7 16. b3 Na5 17. Bd2 Nec6 18. Bb5 Be7 19. Bxa5 bxa5 20. Qd3 0-0 21. Rfc1 Rc7 22. Rc3 Rfc8 23. Qc2 Nb4 24. axb4 Rxc3 25. Qxc3 Rxc3 26. Bxd7 Bxb4 27. Ba4 h6 28. Kf1 g5 29. h3 Kg7 30. Ne1 h5 31. Rd1 Kg6 32. Nd3 Be7 33. Ke2 Kf5 34. f3 Rc2+ 35. Rd2 Rc3 36. g4+ Kg6 37. Ne1 h4 38. Rc2 Bb4 39. Rxc3 Bxc3 40. Nc2 f5 41. Be8+ Kg7 42. Kd3 fxg4 43. fxg4 Bb2 44. Ne1 Bc1 45. Nf3 Kf8 46. Bc6 Bf4 47. Kc2 Ke7 48. Kb2 Kd8 49. Ka3 Kc7 50. Bb5 a6 51. Bxa6 Be3 52. Ka4 Kb6 53. Bc8 Bxd4 54. Nxd4 Kc5 55. Nxe6+ 1-0

[Event "POL-chT 2nd League"]
[White "Migala, Andrzej"]
[Black "Wozniak, Grzegorz"]
[Site "Szklarska Poreba"]
[Round "9.16"]
[Result "1/2-1/2"]
[Date "2017.09.10"]
[WhiteElo "2021"]
[BlackElo "1694"]
[PlyCount "62"]
[EventDate "2017.09.02"]
[EventType "team-swiss"]
[EventRounds "9"]
[EventCountry "POL"]
[SourceTitle "CBM 180 Extra"]
[Source "ChessBase"]
[SourceDate "2017.10.06"]
[SourceVersion "1"]
[SourceVersionDate "2017.10.06"]
[SourceQuality "1"]
[WhiteTeam "Ostroda Ostrodzianka"]
[BlackTeam "Rzeszow"]
[WhiteTeamCountry "POL"]
[BlackTeamCountry "POL"]

1. e4 e6 2. d4 d5 3. e5 c5 4. c3 Nc6 5. Nf3 Qb6 6. a3 c4 7. Nbd2 Na5 8. Be2 Bd7 9. 0-0 Be7 10. Rb1 Rc8 11. Qc2 Nb3 12. Nxb3 cxb3 13. Qd1 a5 14. Be3 a4 15. Rc1 Bb5 16. Nd2 Qa6 17. Re1 Bxe2 18. Qxe2 Qxe2 19. Rxe2 b5 20. Nf3 h5 21. Ne1 Nh6 22. Bxh6 Rxh6 23. Nd3 g6 24. Kf1 Rh8 25. Ke1 Kd7 26. Kd2 Rc4 27. f3 Rhc8 28. Kd1 R4c7 29. Rf2 Rg8 30. Re2 Rgc8 31. Rf2 Rh8 1/2-1/2

[Event "POL-chT 2nd League"]
[White "Kosiorek, Przemyslaw"]
[Black "Migala, Andrzej"]
[Site "Szklarska Poreba"]
[Round "7.11"]
[Result "1/2-1/2"]
[Date "2017.09.08"]
[WhiteElo "1980"]
[BlackElo "2021"]
[PlyCount "60"]
[EventDate "2017.09.02"]
[EventType "team-swiss"]
[EventRounds "9"]
[EventCountry "POL"]
[SourceTitle "CBM 180 Extra"]
[Source "ChessBase"]
[SourceDate "2017.10.06"]
[SourceVersion "1"]
[SourceVersionDate "2017.10.06"]
[SourceQuality "1"]
[WhiteTeam "Skoczek Trojanski"]
[BlackTeam "Ostroda Ostrodzianka"]
[WhiteTeamCountry "POL"]
[BlackTeamCountry "POL"]

1. e4 c5 2. c3 e5 3. Nf3 Nc6 4. Bc4 Qc7 5. 0-0 Nf6 6. Ng5 Nd8 7. f4 h6 8. Nf3 d6 9. d3 Be7 10. Qe1 exf4 11. Bxf4 Be6 12. Nbd2 0-0 13. e5 Nh5 14. exd6 Bxd6 15. Bxd6 Qxd6 16. Ne4 Qe7 17. Ne5 Bxc4 18. Nxc4 Ne6 19. Qe3 g5 20. Ncd6 Nef4 21. g3 f5 22. gxf4 fxe4 23. Nxe4 Nxf4 24. Qxc5 Qxc5+ 25. Nxc5 b6 26. Na6 Nxd3 27. b3 Rac8 28. c4 Nf4 29. Rad1 Rcd8 30. Nc7 Rxd1 1/2-1/2

[Event "Suwalki Warakomska Memorial-B 1st"]
[White "Medvedyk, Volodymyr"]
[Black "Migala, Andrzej"]
[Site "Suwalki"]
[Round "9"]
[Result "1-0"]
[Date "2017.08.18"]
[WhiteElo "2053"]
[BlackElo "2031"]
[PlyCount "25"]
[EventDate "2017.08.11"]
[EventType "swiss"]
[EventRounds "9"]
[EventCountry "POL"]
[SourceTitle "CBM 180 Extra"]
[Source "ChessBase"]
[SourceDate "2017.10.06"]
[SourceVersion "1"]
[SourceVersionDate "2017.10.06"]
[SourceQuality "1"]

1. c4 c5 2. g3 Nc6 3. Bg2 g6 4. Nc3 Bg7 5. Nf3 e5 6. 0-0 d6 7. a3 Nge7 8. b4 0-0 9. Rb1 Rb8 10. Ne1 Be6 11. Nd5 Qd7 12. Nc2 Bh3 13. b5 1-0

[Event "POL-chT blind"]
[White "Szydlowski, Wiktor"]
[Black "Migala, Andrzej"]
[Site "Wagrowiec"]
[Round "5.18"]
[Result "1/2-1/2"]
[Date "2016.11.15"]
[WhiteElo "1781"]
[BlackElo "2025"]
[PlyCount "45"]
[EventDate "2016.11.11"]
[EventType "team-tourn"]
[EventRounds "9"]
[EventCountry "POL"]
[SourceTitle "EXT 2019"]
[Source "ChessBase"]
[SourceDate "2018.10.10"]
[SourceVersion "1"]
[SourceVersionDate "2018.10.10"]
[SourceQuality "1"]

1. e4 c5 2. Nf3 d6 3. g3 Nc6 4. Bg2 g6 5. 0-0 Bg7 6. Nc3 e5 7. d3 Nge7 8. h3 0-0 9. Rb1 h6 10. Nh2 Nd4 11. f4 exf4 12. gxf4 Be6 13. Ng4 Kh7 14. f5 gxf5 15. Nxh6 Bxh6 16. Qh5 Ng8 17. exf5 Bxf5 18. Rxf5 Nxf5 19. Qxf5+ Kg7 20. Be4 Nf6 21. Bxh6+ Kxh6 22. Qf4+ Kg7 23. Qg5+ 1/2-1/2

[Event "POL-chT blind"]
[White "Migala, Andrzej"]
[Black "Wolanski, Michal"]
[Site "Wagrowiec"]
[Round "2.10"]
[Result "1-0"]
[Date "2016.11.12"]
[WhiteElo "2025"]
[BlackElo "1954"]
[PlyCount "63"]
[EventDate "2016.11.11"]
[EventType "team-tourn"]
[EventRounds "9"]
[EventCountry "POL"]
[SourceTitle "EXT 2019"]
[Source "ChessBase"]
[SourceDate "2018.10.10"]
[SourceVersion "1"]
[SourceVersionDate "2018.10.10"]
[SourceQuality "1"]

1. e4 c5 2. Nf3 Nc6 3. Nc3 g6 4. d4 cxd4 5. Nxd4 Bg7 6. Nde2 Nf6 7. g3 0-0 8. Bg2 Rb8 9. a4 d6 10. 0-0 a6 11. h3 Bd7 12. Nd5 Ne5 13. Ra2 b5 14. axb5 Nxd5 15. exd5 Bxb5 16. b3 a5 17. c4 Nxc4 18. bxc4 Bxc4 19. Ra3 Bb2 20. Re3 Qc7 21. Re1 Be5 22. Nd4 Bb5 23. Bb2 Bf6 24. Qa1 Bd7 25. R3e2 Qb6 26. Bc3 Rfc8 27. Nc6 Bxc3 28. Qxc3 Bxc6 29. dxc6 a4 30. Rxe7 Qb3 31. Qxb3 axb3 32. c7 1-0

[Event "POL-chT 2nd League"]
[White "Siekaniec, Jan"]
[Black "Migala, Andrzej"]
[Site "Jastrzebia Gora"]
[Round "9.75"]
[Result "1-0"]
[Date "2016.09.11"]
[WhiteElo "2076"]
[BlackElo "2014"]
[PlyCount "55"]
[EventDate "2016.09.03"]
[EventType "team-swiss"]
[EventRounds "9"]
[EventCountry "POL"]
[SourceTitle "EXT 2017"]
[Source "ChessBase"]
[SourceDate "2016.10.25"]
[SourceVersion "1"]
[SourceVersionDate "2016.10.25"]
[SourceQuality "1"]
[WhiteTeam "Prudnik LKS Zarzewie"]
[BlackTeam "Ostroda Ostrodzianka"]
[WhiteTeamCountry "POL"]
[BlackTeamCountry "POL"]

1. e4 c5 2. Nf3 d6 3. d4 cxd4 4. Nxd4 Nf6 5. Nc3 a6 6. Be2 e5 7. Nb3 Be7 8. 0-0 0-0 9. f4 b5 10. Bf3 Bb7 11. Kh1 Nbd7 12. a4 b4 13. Nd5 Nxd5 14. exd5 Qc7 15. Re1 Bf6 16. f5 Rac8 17. Be4 Qd8 18. Bd2 a5 19. Qe2 Nc5 20. Nxc5 Rxc5 21. Be3 Qc8 22. Bxc5 Qxc5 23. Qb5 Qc7 24. c3 bxc3 25. Rac1 Bg5 26. Rxc3 Qe7 27. Rf1 g6 28. Rcf3 1-0

[Event "POL-chT 2nd League"]
[White "Zurkowski, Andrzej"]
[Black "Migala, Andrzej"]
[Site "Jastrzebia Gora"]
[Round "2.46"]
[Result "1/2-1/2"]
[Date "2015.09.06"]
[WhiteElo "2086"]
[BlackElo "1984"]
[PlyCount "85"]
[EventDate "2015.09.05"]
[EventType "team-swiss"]
[EventRounds "9"]
[EventCountry "POL"]
[SourceTitle "EXT 2017"]
[Source "ChessBase"]
[SourceDate "2016.10.25"]
[SourceVersion "1"]
[SourceVersionDate "2016.10.25"]
[SourceQuality "1"]
[WhiteTeam "Debica Gryf"]
[BlackTeam "Ostroda Ostrodzianka"]
[WhiteTeamCountry "POL"]
[BlackTeamCountry "POL"]

1. d4 Nf6 2. Nf3 d5 3. c4 c6 4. Qc2 g6 5. Nc3 Bg7 6. e3 Bf5 7. Qb3 Qb6 8. Qxb6 axb6 9. cxd5 cxd5 10. Bb5+ Bd7 11. 0-0 0-0 12. Bd2 e6 13. Rfc1 Rc8 14. h3 Bf8 15. Bxd7 Nbxd7 16. a3 h6 17. Nb5 Ne4 18. Be1 Nd6 19. Nc7 Rab8 20. b3 Be7 21. Bb4 Kf8 22. Nd2 Ne8 23. Bxe7+ Kxe7 24. Nxe8 Kxe8 25. e4 dxe4 26. Nxe4 Ke7 27. Kf1 f5 28. Nd2 Nf6 29. Nc4 Nd5 30. Re1 b5 31. Ne5 g5 32. g4 f4 33. Nd3 b6 34. Re5 Rc3 35. Rae1 Rxd3 36. Rxd5 Rxh3 37. Kg2 Rxb3 38. Rde5 Rxa3 39. Rxe6+ Kd7 40. Rxh6 Rd3 41. Re5 Rxd4 42. Rxg5 Kc7 43. Rxb5 1/2-1/2

[Event "Warsaw Najdorf Memorial op-B 13th"]
[White "Kalinowska, Zuzanna"]
[Black "Migala, Andrzej"]
[Site "Warsaw"]
[Round "6"]
[Result "1/2-1/2"]
[Date "2015.07.15"]
[WhiteElo "1913"]
[BlackElo "2079"]
[PlyCount "48"]
[EventDate "2015.07.10"]
[EventType "swiss"]
[EventRounds "9"]
[EventCountry "POL"]
[SourceTitle "CBM 167 Extra"]
[Source "ChessBase"]
[SourceDate "2015.09.14"]
[SourceVersion "1"]
[SourceVersionDate "2015.09.14"]
[SourceQuality "1"]

1. d4 d5 2. Nf3 Nf6 3. c4 c6 4. cxd5 cxd5 5. Nc3 a6 6. Bf4 Nc6 7. e3 Bf5 8. Be2 e6 9. 0-0 Bd6 10. Bxd6 Qxd6 11. Rc1 0-0 12. Na4 Nd7 13. a3 Rac8 14. Nc5 Nxc5 15. Rxc5 Ne7 16. b4 f6 17. Qb3 Rc7 18. Rfc1 Rfc8 19. Bd3 Bxd3 20. Qxd3 Qd7 21. Qb3 b6 22. R5c2 Rxc2 23. Rxc2 Rxc2 24. Qxc2 Qc6 1/2-1/2

[Event "Warsaw Najdorf Memorial op-B 13th"]
[White "Migala, Andrzej"]
[Black "Kaczmarska, Joanna"]
[Site "Warsaw"]
[Round "5"]
[Result "1/2-1/2"]
[Date "2015.07.14"]
[WhiteElo "2079"]
[BlackElo "1876"]
[PlyCount "38"]
[EventDate "2015.07.10"]
[EventType "swiss"]
[EventRounds "9"]
[EventCountry "POL"]
[SourceTitle "CBM 167 Extra"]
[Source "ChessBase"]
[SourceDate "2015.09.14"]
[SourceVersion "1"]
[SourceVersionDate "2015.09.14"]
[SourceQuality "1"]

1. e4 e5 2. Nf3 Nc6 3. Bc4 Be7 4. d4 exd4 5. c3 Na5 6. Qxd4 Nxc4 7. Qxc4 d6 8. Be3 Nf6 9. h3 c6 10. Nbd2 d5 11. Qa4 0-0 12. 0-0 Kh8 13. Rad1 h6 14. Rfe1 Be6 15. Nd4 Bd7 16. Qc2 dxe4 17. Nxe4 Nd5 18. Bc1 Qa5 19. a3 Qc7 1/2-1/2

[Event "Warsaw Najdorf Memorial op-B 13th"]
[White "Migala, Andrzej"]
[Black "Pietrzak, Wojciech"]
[Site "Warsaw"]
[Round "3"]
[Result "0-1"]
[Date "2015.07.12"]
[WhiteElo "2079"]
[BlackElo "1907"]
[PlyCount "68"]
[EventDate "2015.07.10"]
[EventType "swiss"]
[EventRounds "9"]
[EventCountry "POL"]
[SourceTitle "CBM 167 Extra"]
[Source "ChessBase"]
[SourceDate "2015.09.14"]
[SourceVersion "1"]
[SourceVersionDate "2015.09.14"]
[SourceQuality "1"]

1. e4 e6 2. d4 d5 3. e5 c5 4. c3 Nc6 5. Nf3 Bd7 6. Be2 f6 7. 0-0 fxe5 8. Nxe5 Nxe5 9. dxe5 Qc7 10. Re1 Ne7 11. Bf4 0-0-0 12. Bf1 h6 13. a3 g5 14. Bg3 Nf5 15. Nd2 Be7 16. Bd3 Nxg3 17. hxg3 c4 18. Bc2 Bc5 19. Nf3 Rdf8 20. Nd4 h5 21. b4 cxb3 22. Bxb3 h4 23. Qg4 hxg3 24. Qxg3 Rf4 25. Qxg5 Rfh4 26. g3 R4h5 27. Qg7 Kb8 28. Rad1 Bxd4 29. cxd4 Rh1+ 30. Kg2 R8h2+ 31. Kf3 Qc3+ 32. Re3 Qb2 33. Kg4 Qxf2 34. Rf3 Rh4+ 0-1